<?xml version="1.0" encoding="UTF-8"?>
<record
    xmlns:xsi="http://www.w3.org/2001/XMLSchema-instance"
    xsi:schemaLocation="http://www.loc.gov/MARC21/slim http://www.loc.gov/standards/marcxml/schema/MARC21slim.xsd"
    xmlns="http://www.loc.gov/MARC21/slim">

  <leader>00461nam a22001217a 4500</leader>
  <controlfield tag="008">231016b        |||||||| |||| 00| 0 eng d</controlfield>
  <datafield tag="100" ind1=" " ind2=" ">
    <subfield code="a">CLARA JEPKOECH</subfield>
  </datafield>
  <datafield tag="245" ind1=" " ind2=" ">
    <subfield code="a">ISOLATION AND CHARACTERIZATION OF PHYTOCHEMICALS FROM THE AERIAL OF VERNONIA AURICULIFERA HIERN (ASTERACEAE) WITH POTENTIAL ANTIBACTERIAL PRINCIPLES</subfield>
  </datafield>
  <datafield tag="300" ind1=" " ind2=" ">
    <subfield code="a">XV11,115P</subfield>
  </datafield>
  <datafield tag="500" ind1=" " ind2=" ">
    <subfield code="a">INCLUDES BIBLIOGRAPHY AND INDEXES</subfield>
  </datafield>
  <datafield tag="650" ind1=" " ind2=" ">
    <subfield code="a">1. MEDICINAL PLANTS 2. PHYTOCHEMICALS</subfield>
  </datafield>
  <datafield tag="942" ind1=" " ind2=" ">
    <subfield code="2">lcc</subfield>
    <subfield code="c">REF</subfield>
  </datafield>
  <datafield tag="999" ind1=" " ind2=" ">
    <subfield code="c">207724</subfield>
    <subfield code="d">207724</subfield>
  </datafield>
  <datafield tag="952" ind1=" " ind2=" ">
    <subfield code="0">0</subfield>
    <subfield code="1">0</subfield>
    <subfield code="2">lcc</subfield>
    <subfield code="4">0</subfield>
    <subfield code="6">THE Q K861 J47  02022</subfield>
    <subfield code="7">0</subfield>
    <subfield code="9">330239</subfield>
    <subfield code="a">KSUL</subfield>
    <subfield code="b">KSUL</subfield>
    <subfield code="d">2023-10-16</subfield>
    <subfield code="i">101761</subfield>
    <subfield code="l">0</subfield>
    <subfield code="o">THE QK 861 .J 47 2022</subfield>
    <subfield code="p">000000002402</subfield>
    <subfield code="r">2023-10-16 11:36:14</subfield>
    <subfield code="t">1</subfield>
    <subfield code="w">2023-10-16</subfield>
    <subfield code="y">REF</subfield>
  </datafield>
</record>
